000 00967nac a22002531u 4500
010 _a 2004026009
020 _a0131704168:
082 0 0 _a337
_bSAW
090 _c8396
_d8396
100 _aSawyer, W. Charles.
245 1 0 _aInternational economics /
_cW. Charles Sawyer, Richard L. Sprinkle.
250 _a2nd ed.
260 _aUpper Saddle River, NJ :
_bPearson Prentice Hall,2006.
_cc2006.
300 _axxvii, 516 p. :
_bill. ;
_c25 cm.
500 _aDistributer: Al-Ahram
504 _aIncludes bibliographical references and index.
511 _aCatalogued by: Sara
650 0 _aInternational economic relations.
650 0 _aInternational finance.
700 1 _aSprinkle, Richard L.
856 4 1 _3Table of contents
_uhttp://www.loc.gov/catdir/toc/ecip053/2004026009.html
942 _cBB
_k337SAW
999 _c8396
_d8396